000 00526nam a2200181Ia 4500
003 OSt
005 20260110120026.0
008 210210b1949 xxu||||| |||| 00| 0 eng d
040 _cAL
041 _aKannada
082 _a859/1050
100 _aPADMANABHA SOMAYAJI (B)
_9145863
_dಪದ್ಮನಾಭ ಸೋಮಯಾಜಿ (ಬಿ)
245 _aPadma paraga:
_bಪದ್ಮ ಪರಾಗ
260 _aKotekar
_bSahityanjali Granthamale
_c1949
690 _aKannada Fiction
_9145864
906 _a021796
942 _2ddc
_cBK
999 _c145895
_d145895